000 01343nam a2200289 a 4500
003 OSt
005 20201002080638.0
008 950412s1994 ck b 000 0 spa
020 _a9583301817
040 _aDLC
_cCO-JMCCR
041 0 _aspa
082 0 4 _a304.87308 /
_bC757i
_223
100 2 _aConstaín A., Guillermo Alberto.
_eautor
_911115
245 1 3 _aLa invasión Latinoamericana :
_buna gran estrategia para los inmigrantes latinoamericanos en los Estados Unidos, y una hipótesis real para integración de las Américas /
_cGuillermo Alberto Constaín A.
250 _aPrimera edición
260 _a[Colombia] :
_b[G.A. Constaín],
_c1994.
300 _a272 páginas ;
_c22 cm.
500 _aIncluye datos biográficos del autor en solapa frontal.
504 _abibliografía: páginas 271-272.
505 0 _aValores y tradición -- La invasión latina a los Estados Unidos de Norteamérica. -- El desafío latinoamericano. -- El nuevo orden.
520 0 _aUna gran estrategia para los inmigrantes latinoamericanos en los Estados Unidos y una Hipótesis real para la investigación de las Américas.
650 2 4 _aDescentralización en el gobierno
_911116
650 2 4 _aIntegración económica internacional
_97032
650 2 4 _aRelaciones Internacionales
_911117
650 2 4 _aLatino Americanos
_911118
942 _2ddc
_cBK
999 _c6894
_d6894